1162 1529 1975 1745 1553 1590 1213 1713 1032 1952 1134 1104 1867 1918 1167 1854 1735 1777 1087 1650 1034 1652 1431 1635 1270 1079 1156 1929 1999 1009 1668 1494 1245 1111 1793 1973 1000 1075 1990 1896 1297 1666 1159 1476 1441 1322 1348 1511 1087 1926 1382 1708 1523 1816 1494 1773 1686 1244 1032 1002 1206 1583 1142 1148 1715 1111 1972 1481 1603 1006 1006 1888 1218 1539 1853 1725 1868 1614 1400 1239 1835 1212 1169 1301 1989 1870 1087 1689 1891 1556 1769 1802 1587 1646 1177 1101 1236 1819 1006 BCNSPRNW ULIB Ver.6.0+V

เปลี่ยนเป็นภาษาไทย

Change to English
 แสดงรายละเอียดบรรณานุกรม
  กลับหน้าหลัก

Brief Record : Get Marc (ISO 2709) : E-mail record : QR code < ปิดหน้าต่าง
LEADER : 00000nam 2200000uu 4500
001    13399110184
003     ULIB
008    110425s2548||||th 000 0 tha d
020    97499717848
060 04 WK810^bร924 2548
245 00 โรคเบาหวาน =^bDiabetes mellitus /^cบรรณาธิการ, สุทินศรีอัษฎาพร, วรรณี นิธิยานันท์ ; บรรณาธิการผู้ช่วย, สุนันทาชอบทางศิลป์, ศิริรัตน์ พลอยบุตร
246 31 Diabetes mellitus
250    พิมพ์ครั้งที่ 1
260    กรุงเทพฯ :^bสาขาวิชาต่อมไร้ท่อและเมตะบอลิสมภาควิชาอายุรศาสตร์ คณะแพทยศาสตร์ศิริราชพยาบาล มหาวิทยาลัยมหิดล,^c2548
300    (16), 779 หน้า :^bภาพประกอบสี ;^c28 ซม.
500    หนังสือได้รับรางวัลประเภทดี รางวัลตำราศิริราช-มหิดล ปี2549
650  7 เบาหวาน, โรค
650  7 เบาหวาน, โรค^xการรักษา
650  7 รางวัลตำราศิริราช-มหิดล
653    ผลงานอาจารย์คณะแพทยศาสตร์ศิริราชพยาบาล
700 0  สุทิน ศรีอัษฎาพร,^eบรรณาธิการ
700 0  วรรณี นิธิยานันท์,^eบรรณาธิการ
700 0  สุนันทา ชองทางศิลป์,^eบรรณาธิการ
700 0  ศิริรัตน์ พลอยบุตร,^eบรรณาธิการ
710 2  มหาวิทยาลัยมหิดล. ^bคณะแพทยศาสตร์ศิริราชพยาบาล.^bภาควิชาอายุรศาสตร์
945    ^p1000^l0^i018853
995    ทศพร
999 ^a ใช้งานได้ทุกระบบ
รายการนี้ยังไม่มีแท็ก
คุณยังไม่ได้ล็อกอิน คุณสามารถมีกิจกรรมร่วมกับเว็บไซต์ได้ แต่ต้องล็อกอินก่อน ::
  ล็อกอิน

รายการสื่อสารสนเทศ

ลำดับที่ ประเภท เลขเรียก/บาร์โค้ด สถานที่ สถานะ
1. วิทยาศาสตร์การแพทย์ และสุขภาพ
วิทยาศาสตร์การแพทย์ และสุขภาพ
สถานะ=หนังสือเก่า
WK810 ร924 2548 ฉ.1 
  Barcode: 018853
ห้องสมุดวิทยาเขตสวรรค์ประชารักษ์
►ส่วนจัดเก็บหนังสือเก่า สปร
บนชั้น
  ขอยืม

รายการใกล้เคียง
    หัวเรื่อง [เบาหวาน, โรค]
    หัวเรื่อง [รางวัลตำราศิริราช-มหิดล]

BibComment


ยังไม่เคยถูกคอมเมนท์

คอมเมนท์ทรัพยากรรายการนี้
  คอมเมนท์: โรคเบาหวาน Diabe..


 Copyright 2026. Bcnsprnw @Library